Residue evaluation of certain veterinary drugs : (Record no. 15944)

000 -LEADER
fixed length control field 00765cam a2200205Ia 4500
020 ## - INTERNATIONAL STANDARD BOOK NUMBER
ISBN 9789251062135 (pbk)
020 ## - INTERNATIONAL STANDARD BOOK NUMBER
ISBN 9251062137 (pbk)
040 ## - CATALOGING SOURCE
Transcribing agency AU@
082 04 - DEWEY DECIMAL CLASSIFICATION NUMBER
Classification number 615 FOO 2009 A090 Or.
110 2# - MAIN ENTRY--CORPORATE NAME
Corporate name or jurisdiction name as entry element Joint FAO/WHO Expert Committee on Food Additives.
245 10 - TITLE STATEMENT
Title Residue evaluation of certain veterinary drugs :
Remainder of title Joint FAO/WHO Expert Committee on Food Additives, 70th meeting 2008
260 ## - PUBLICATION, DISTRIBUTION, ETC. (IMPRINT)
Place of publication Rome :
Name of publisher Food and Agriculture Organization of the United Nations,
Year of publication 2009
300 ## - PHYSICAL DESCRIPTION
Number of Pages xiv, 294 p. :
Other physical details ill. ;
Dimensions 30 cm
490 1# - SERIES STATEMENT
Series statement FAO JECFA monographs,
500 ## - GENERAL NOTE
General note "TC/M/I0659E/1/02.09/1400" - on back cover
650 #0 - SUBJECT ADDED ENTRY--TOPICAL TERM
Topical Term Veterinary drug residues
650 #0 - SUBJECT ADDED ENTRY--TOPICAL TERM
Topical Term Food
710 2# - ADDED ENTRY--CORPORATE NAME
Corporate name or jurisdiction name as entry element Food and Agriculture Organization of the United Nations
942 ## - ADDED ENTRY ELEMENTS (KOHA)
Koha item type សៀវភៅភាសាអង់គ្លេស
952 ## - LOCATION AND ITEM INFORMATION (KOHA)
Withdrawn status [LOCAL, KOHA] 0
Holdings
Permanent Location Date acquired Koha item type Lost status Shelving location Barcode Current Location Full call number
Library Block A2017-12-19សៀវភៅភាសាអង់គ្លេស A090A27965Library Block A615 FOO 2009 A090 Or.
មជ្ឈមណ្ឌលឯការនៃសាកលវិទ្យាល័យភូមិន្ទកសិកម្មចំការដូង

Powered by Koha